| 000 | 01001cam a2200277 i 4500 | ||
|---|---|---|---|
| 003 | SA-RiAUC | ||
| 005 | 20241222075000.0 | ||
| 008 | 241218s1987 ua o g 00000 ara c | ||
| 040 |
_aSA-JeALM _bara _cSA-RiAUC _erda |
||
| 043 | _aa-ir--- | ||
| 082 | 0 | 4 | _a320.955 |
| 090 |
_a320.955 _bهـ و ي |
||
| 100 | 1 |
_aهويدي، فهمي، _d1937- _eمؤلف. |
|
| 245 | 1 | 0 |
_aإيران من الداخل / _cفهمي هويدي. |
| 250 | _aالطبعة الثانية. | ||
| 264 | 1 |
_aالقاهرة : _bمركز الأهرام للترجمة والنشر، _c1988 |
|
| 300 |
_a405 صفحة : _bصور ؛ _c24سم |
||
| 336 |
_aنص _btxt _2rdacontent _3كتاب |
||
| 337 |
_aبدون وسيط _bn _2rdamedia |
||
| 338 |
_aمجلد _bnc _2rdacarrier |
||
| 651 | 7 |
_aإيران _xتاريخ _yثورة، 1979 _2aucsh |
|
| 651 | 7 |
_aإيران _xسياسة وحكومة _2aucsh |
|
| 651 | 7 |
_aإيران _xأحوال اجتماعية _2aucsh |
|
| 942 |
_2ddc _cBOOK _n0 |
||
| 949 |
_aSA-JeALM _d241218 _uosman123 _n1 |
||
| 999 |
_c3762 _d3762 |
||